Con palabras III: prácticas de comunicación para la escuela media

Saved in:
Bibliografiske detaljer
Main Authors: Lorenzini, Esther (autora), Fortunato de Cóccola, Lucía (Author)
Format: Bog
Sprog:spansk
Udgivet: Buenos Aires Club de estudio 1991
Fag:
Tags: Tilføj Tag
Ingen Tags, Vær først til at tagge denne postø!

MARC

LEADER 00000nam a2200000 a 4500
001 UCJ9208
003 CL-VaPUC
008 070309e19910000AG |||||||||||||||||spa|d
020 |a 9505820428 
082 0 4 |a 371.3  |b LOR  |2 21 
100 |a Lorenzini, Esther  |e autora  |9 519129 
700 0 |a Fortunato de Cóccola, Lucía  |e author  |9 519130 
245 1 0 |a Con palabras III: prácticas de comunicación para la escuela media 
300 |a 95 p 
942 |c BK 
945 |d 20070309 00:00:00  |a jtorresc 
260 |a Buenos Aires  |b Club de estudio  |c 1991 
500 |a Donación del Dr. Luis Gómez Macker  
650 0 |a Métodos de enseñanza  |9 270413 
650 7 |a ESTRATEGIA DE ENSEÑANZA  |2 CL-VaPUC  |9 519131 
650 0 |a Métodos de aprendizaje  |9 334464 
650 0 |a Educación lingüística  |9 306506 
583 |a last modification  |c 20070309 00:00:00  |k Rodrigo Vera 
999 |c 324794  |d 324792 
952 |0 0  |1 0  |4 0  |6 371_300000000000000_LOR_1991  |7 0  |8 A  |9 405157  |a FDOPOS  |b FDOPOS  |d 2019-11-22  |i 4270010  |o 371.3 LOR 1991  |p 4270010  |r 2025-01-22  |w 2019-11-22  |y BK  |k MLA